000
00319pam a2200121a 44500
008
230405s1991 xxu||||| |||| 00| 0 eng d
041
_a
ENG
100
_a
Gulati R.R
245
_a
Modern television practice(principles technology and servicing)
260
_a
_b
Wiley Estern Ltd
_c
1991
300
_a
673
906
_a
1130
999
_c
292473
_d
292473